00826nam a2200241 a 450000100060000000300080000600500170001400800410003102000250007202000220009703500240011903500190014304000510016204100080021308200220022124501390024325000120038226000370039430000610043150400510049265000190054370000220056228778BD-RjUL20211209051327.0140331s2008 nyuab b 001 0 eng  a9780393925470 (hbk.) a0393925471 (hbk.) a(OCoLC)ocn213495360 a(BD-RjUL)28860 aDLCcDLCdYDXdBAKERdYDXCPdDLCdBD-RjULbeng aeng00a909222bWOR 200800aWorlds together, worlds apart :ba history of the world from the beginnings of humankind to the present /cRobert Tignor ... [et al.]. a2nd ed. aNew York :bW.W. Norton,cc2008. axl, 960, A68 p. :bill. (some col.), col. maps ;c29 cm. aIncludes bibliographical references and index. 0aWorld history.1 aTignor, Robert L.